000 00361cam a2200145 4500
001 E501
008 090401t1968 xxu||||| |||| 00| 0 eng d
035 _a(Sirsi) u52392
041 _aeng
245 4 _aThe touch of time: the story of Howell & Brooks 1818-1968
260 _bGeneral and Graphic Books
_c1968
350 _a0
942 _n0
948 _c04/03/1997
999 _c93055
_d93055